| 000 | 01218nam a22003857a 4500 | ||
|---|---|---|---|
| 003 | CHAP | ||
| 005 | 20220817043741.0 | ||
| 008 | 010125d1994 it rn 00110 eng d | ||
| 010 | _a83358 | ||
| 011 | _a84330 | ||
| 035 | _a94850 | ||
| 040 | _cCHAP | ||
| 082 | 0 | 4 |
_a639.2096 _bF32 v.21 |
| 110 | 2 | _aFAO | |
| 245 | 1 | 0 |
_aAquatic plants and wetland wildlife resources of Nigeria _c/by E. O. Ita |
| 260 |
_aRome : _bFAO, _c1994. |
||
| 300 |
_a52 p. : _bcuadros ; mapas |
||
| 410 | _aFAO | ||
| 490 | 0 |
_aCIFA. Documento ocacional _v; 21 |
|
| 590 |
_aBATCH-UPD _b10 _c20130110 _lUCH01 _h0617 |
||
| 590 |
_aBATCH-UPD _b10 _c20130110 _lUCH01 _h2338 |
||
| 590 |
_aBATCH-UPD _b10 _c20130410 _lUCH01 _h0300 |
||
| 590 |
_aBATCH-UPD _b10 _c20130914 _lUCH01 _h1346 |
||
| 590 |
_aCONVERSION _b10 _c20130109 _lUCH01 _h1346 |
||
| 650 | 1 | 4 |
_aPlantas acuáticas. _988897 |
| 650 | 1 | 4 |
_aSuelos de tierras húmedas. _9110545 |
| 650 | 1 | 4 |
_aVida silvestre _xNigeria. _9119190 |
| 700 | 0 |
_aIta, E. O. _960667 |
|
| 810 | 0 | _aFAO | |
| 830 | 0 | 0 |
_aCIFA. Documento ocacional _v; 21 _923264 |
| 901 | _aBK | ||
| 905 | _aPatricia Mendoza P. | ||
| 942 | _cLIBRO | ||
| 949 |
_a639.2096 F32 v.21 _bBC _cFAO _d33724000814703 _eFAO1 _h98942 _i94850 _kDonaciØn _sb |
||
| 999 |
_c83358 _d83358 |
||